| 000 | 00471nam a2200181Ia 4500 | ||
|---|---|---|---|
| 001 | 13837 | ||
| 005 | 20260306164830.0 | ||
| 008 | 260306t2015||||xx |||||||||||||| ||spa|| | ||
| 041 | _aESP | ||
| 082 |
_a005.369 _bP13G |
||
| 100 |
_aPacheco Contreras, Johnny Martín _eAUT |
||
| 245 | 0 | _aGestión de datos gráficos y tablas dinámicas con excel | |
| 260 | _c2015 | ||
| 300 |
_a366 páginas : _c25 cm. |
||
| 650 | _aGEN | ||
| 654 | _aCCC | ||
| 942 |
_cLIB _dJUS _fJUS _2ddc _n |
||
| 999 |
_c13837 _d13837 |
||